Sesame street finding out encyclopedia 4 : (Record no. 8612)

MARC details
000 -LEADER
fixed length control field 00848nam a22002177a 4500
001 - CONTROL NUMBER
control field 8612
003 - CONTROL NUMBER IDENTIFIER
control field FISKH
005 - DATE AND TIME OF LATEST TRANSACTION
control field 20251002154244.0
008 - FIXED-LENGTH DATA ELEMENTS--GENERAL INFORMATION
fixed length control field 251002b cb ||||| |||| 00| 0 eng d
040 ## - CATALOGING SOURCE
Original cataloging agency FISKH
Language of cataloging eng
Transcribing agency FISKH
Modifying agency FISKH
050 ## - LIBRARY OF CONGRESS CALL NUMBER
Classification number PZ7
082 ## - DEWEY DECIMAL CLASSIFICATION NUMBER
Classification number 031.02
100 ## - MAIN ENTRY--PERSONAL NAME
Personal name Carlisle, Richard
245 ## - TITLE STATEMENT
Title Sesame street finding out encyclopedia 4 :
Remainder of title The D book /
Statement of responsibility, etc. Written by Richard Carlisle, Margaret Crush, Molly Lodge, Lee Pressman, George Short, Jocelyn Stevenson ; Illustrator by Sue Branch, Zena Flax, John Gossler, Dennis Ryan, Penny Simon, Mari Szmichowska
260 ## - PUBLICATION, DISTRIBUTION, ETC.
Place of publication, distribution, etc. New York :
Name of publisher, distributor, etc. Bay Books,
Date of publication, distribution, etc. 1982.
300 ## - PHYSICAL DESCRIPTION
Extent 42 unnumbered pages :
Other physical details color illustrations ;
Dimensions 29 cm
520 ## - SUMMARY, ETC.
Summary, etc. Sesame Street book that focuses on words starting with the letter D.
650 ## - SUBJECT ADDED ENTRY--TOPICAL TERM
Topical term or geographic name entry element Junior Fiction
942 ## - ADDED ENTRY ELEMENTS (KOHA)
Source of classification or shelving scheme Dewey Decimal Classification
Koha item type Books
Suppress in OPAC No

No items available.